Statistics for Airliners of British Airways

Click here to take the quiz!

General Stats

  • This quiz has been taken 60 times
  • The average score is 10 of 14

Answer Stats

Answer% Correct
Airbus A320-200
98%
Airbus A320-200NEO
98%
Airbus A380-800
94%
Airbus A350-1000
90%
Airbus A321-200
83%
Airbus A321-200NEO
83%
Airbus A319-100
79%
Boeing 777-300ER
71%
Boeing 787-9
71%
Boeing 777-200ER
69%
Boeing 787-10
65%
Boeing 787-8
63%
Embraer E190
38%
Dornier 328 jet
6%

Score Distribution

Percentile by Number Answered

Percent of People with Each Score

Your Score History

You have not taken this quiz